| 000 | 02381nam2a2200361 4500 | ||
|---|---|---|---|
| 001 | RU\NLR\bibl\1793655 | ||
| 005 | 20260607072010.0 | ||
| 010 |
_a978-5-4224-0267-0 _bт. 6 |
||
| 021 |
_aRU _b2011-49281 _93508 |
||
| 035 | _a(NLR Aleph) 001784344 | ||
| 090 |
_a1717546 _c1717546 |
||
| 100 | _a20110801d2010 |||y0rusy50 ca | ||
| 101 | 1 |
_arus _cpor |
|
| 102 | _aRU | ||
| 105 | _ay ||||||||| | ||
| 200 | 1 |
_aЛузиады _fЛуиш де Камоэнс _g[пер. с португ. О. Овчаренко _gприл., коммент. О. Овчаренко] |
|
| 210 |
_d2010 _aБ. м. |
||
| 215 | _a491, [1] с. | ||
| 423 | 0 |
_11011#$arus$ceng _12001#$aПеснь о Гайавате$fГенри Уодсуорт Лонгфелло$g[пер. с англ. И. Бунина] _1210##$aМосква$d2010 _1215##$aС. 291-438 _tПеснь о Гайавате |
|
| 461 | 0 |
_1001RU\NLR\bibl\1843281 _12001#$aБиблиотека героического эпоса$v[Т.] 6 _92175149 _cМосква _d2010 _f[сост.: Е. Кузнец и др. _nКнижный Клуб Книговек _oв 10 т. _tБиблиотека героического эпоса _y9785422402618 _v[Т.] 6 |
|
| 604 |
_1700#1$aЛонгфелло$bГ. У.$gГенри Уодсуорт$f1807 - 1882 _150010$a"Песнь о Гайавате"$2nlr_sh2$3RU\NLR\AUTH\661572395 _3RU\NLR\AUTH\661572395 _aЛонгфелло, Генри Уодсуорт (1807 - 1882) _t"Песнь о Гайавате" _92097399 |
||
| 604 |
_1700#1$aКамоэнс$gЛуиш ди$bЛ.$f1524 - 1580 _150010$a"Луизиады"$2nlr_sh2$3RU\NLR\AUTH\66530828 _3RU\NLR\AUTH\66530828 _aКамоэнс, Луиш ди (1524 - 1580) _t"Луизиады" _91285669 |
||
| 686 | _aШ5(4Пр)43-4Камоэнс | ||
| 686 | _aШ5(7США)52-4Лонгфелло | ||
| 701 | 1 |
_4070 _7ca _8rus _aКамоэнс _bЛ. _f1524-1580 _gЛуиш ди _95347 _3RU\NLR\auth\7722288 |
|
| 701 | 1 |
_4070 _7ca _8rus _aЛонгфелло _bГ. У. _f1807-1882 _gГенри Уодсуорт _963140 _3RU\NLR\auth\7780212 |
|
| 702 | 1 |
_4730 _7ca _8rus _aОвчаренко _bО. А. _f1954- _gОльга Александровна _951218 _3RU\NLR\auth\7768290 |
|
| 702 | 1 |
_4730 _7ca _8rus _aБунин _bИ. А. _f1870-1953 _gИван Алексеевич _9111348 _3RU\NLR\auth\771321 |
|
| 801 | 0 |
_aRU _bNLR _c20110801 _gRCR |
|
| 801 | 1 |
_aRU _bNLR _c20110801 |
|
| 942 | _cBOOK | ||
| 980 | _aNB | ||